Film ayant remporté l'Oscar de la meilleure Actrice - Statistiques

Statistiques générales
  • Ce quiz a été pris 16 fois
  • Le résultat moyen est 22 sur 99
Statistiques - réponses
Année Actrice Film % Correct
2017 Emma Stone La La Land
100%
2011 Natalie Portman Black Swan
88%
2026 Jessie Buckley Hamnet
88%
2024 Emma Stone Pauvres Créatures
88%
2025 Mikey Madison Anora
75%
2023 Michelle Yeoh Everything, Everywhere, All at Once
75%
2008 Marion Cotillard La Môme
75%
2014 Cate Blanchett Blue Jasmine
63%
1997 Frances McDormand Fargo
63%
2005 Hilary Swank Million Dollar Baby
63%
2016 Brie Larson Room
63%
2001 Julia Roberts Erin Brockovich, Seule contre Tous
50%
2013 Jennifer Lawrence Happiness Therapy
50%
2012 Meryl Streep La Dame de fer
50%
2019 Olivia Colman La Favorite
50%
1994 Holly Hunter La Leçon de piano
50%
1991 Kathy Bates Misery
50%
2004 Charlize Theron Monster
50%
2021 Frances McDormand Nomadland
50%
1999 Gwyneth Paltrow Shakespeare in Love
50%
2018 Frances McDormand Three Billboards : Les Panneaux de la vengeance
50%
1978 Diane Keaton Annie Hall
38%
1940 Vivien Leigh Autant en emporte le Vent
38%
2000 Hilary Swank Boys Don't Cry
38%
1992 Jodie Foster Le Silence des Agneaux
38%
1990 Jessica Tandy Miss Daisy et son Chauffeur
38%
1998 Helen Hunt Pour le Pire et pour le Meilleur
38%
2010 Sandra Bullock The Blind Side
38%
2006 Reese Witherspoon Walk the Line
38%
1988 Cher Éclair de lune
25%
2020 Renée Zellweger Judy
25%
1982 Katharine Hepburn La Maison du Lac
25%
1983 Meryl Streep Le Choix de Sophie
25%
1979 Jane Fonda Le Retour
25%
1989 Jodie Foster Les Accusés
25%
1987 Marlee Matlin Les Enfants du Silence
25%
1965 Julie Andrews Mary Poppins
25%
1935 Claudette Colbert New York-Miami
25%
1993 Emma Thompson Retour à Howards End
25%
2015 Julianne Moore Still Alice
25%
2003 Nicole Kidman The Hours
25%
2007 Helen Mirren The Queen
25%
2009 Kate Winslet The Reader
25%
1976 Louise Fletcher Vol au-dessus d'un Nid de Coucou
25%
2002 Halle Berry À l'ombre de la haine
13%
1995 Jessica Lange Blue Sky
13%
1973 Liza Minnelli Cabaret
13%
2022 Jessica Chastain Dans les yeux de Tammy Faye
13%
1969 Barbra Streisand Funny Girl
13%
1945 Ingrid Bergman Hantise
13%
1972 Jane Fonda Klute
13%
1931 Norma Shearer La Divorcée
13%
1937 Luise Rainer Le Grand Ziegfeld
13%
1969 Katharine Hepburn Le Lion en hiver
13%
1960 Simone Signoret Les Chemins de la haute ville
13%
1985 Sally Field Les Saisons du Coeur
13%
1943 Greer Garson Madame Miniver
13%
1977 Faye Dunaway Network : Main basse sur la Télévision
13%
1980 Sally Field Norma Rae
13%
1984 Shirley MacLaine Tendres Passions
13%
1952 Vivien Leigh Un tramway nommé Désir
13%
1954 Audrey Hepburn Vacances Romaines
13%
1947 Olivia de Havilland À chacun son Destin
0%
1975 Ellen Burstyn Alice n'est plus ici
0%
1957 Ingrid Bergman Anastasia
0%
1951 Judy Holliday Comment l'Esprit vient aux Femmes
0%
1930 Mary Pickford Coquette
0%
1966 Julie Christie Darling
0%
1968 Katharine Hepburn Devine qui vient dîner...
0%
1934 Katharine Hepburn Gloire Éphémère
0%
1959 Susan Hayward Je veux vivre !
0%
1949 Jane Wyman Johnny Belinda
0%
1941 Ginger Rogers Kitty Foyle
0%
1962 Sophia Loren La ciociara
0%
1996 Susan Sarandon La Dernière Marche
0%
1933 Helen Hayes La Faute de Madelon Claudet
0%
1956 Anna Magnani La Rose Tatouée
0%
1961 Elizabeth Taylor La Vénus au vison
0%
1944 Jennifer Jones Le Chant de Bernadette
0%
1964 Patricia Neal Le Plus Sauvage d'entre tous
0%
1946 Joan Crawford Le Roman de Mildred Pierce
0%
1970 Maggie Smith Les Belles Années de Miss Brodie
0%
1958 Joanne Woodward Les Trois Visages d'Ève
0%
1950 Olivia de Havilland L'Héritière
0%
1929 Janet Gaynor L'Heure suprême / L'Ange de la rue / L'Aurore
0%
1939 Bette Davis L'Insoumise
0%
1936 Bette Davis L'Intruse
0%
1971 Glenda Jackson Love
0%
1948 Loretta Young Ma femme est un grand Homme
0%
1986 Geraldine Page Mémoires du Texas
0%
1932 Marie Dressler Min and Bill
0%
1963 Anne Bancroft Miracle en Alabama
0%
1981 Sissy Spacek Nashville Lady
0%
1967 Elizabeth Taylor Qui a peur de Virginia Woolf?
0%
1953 Shirley Booth Reviens petite Sheba
0%
1942 Joan Fontaine Soupçons
0%
1955 Grace Kelly Une Fille de la Province
0%
1974 Glenda Jackson Une Maitresse dans les bras, une Femme sur le dos
0%
1938 Luise Rainer Visages d'Orient
0%
Aucun quiz correspondant
Distribution des résultats
% des personnes avec chaque résultat
Percentile par nombre de réponses
Votre historique - résultats
Vous n’avez pas pris ce quiz